000 01009nam a2200289 i 4500
001 bg
003 KOSZ 005
005 20220406130300.0
008 020718s1978 pl a f |001 0 pol
015 _aPB 1978/4580
040 _aWA N
_cKOSZ 005/HR
_dKOSZ 005/HR
041 1 _apol
_heng
080 _a531.1
100 1 _aHuang, Kerson
_d(1928- ).
_eAutor
245 1 0 _aMechanika statystyczna /
_cKerson Huang ; [z ang. tł. Zygmunt Ajduk, Marek Cieplak].
246 1 _iTyt. oryg.:
_aStatistical mechanics
260 _aWarszawa :
_bPaństwowe Wydaw. Naukowe,
_c1978.
300 _a438, [2] s., [1] k. portr. :
_btab. wykr. ;
_c25 cm.
380 _aKsiążki
504 _aIndeks.
658 _aFizyka i astronomia
650 4 _aMechanika
700 1 _aCieplak, Marek
_d(1950- ).
_eTłumaczenie
700 1 _aAjduk, Zygmunt
_d(1943- 2013)
_eTłumaczenie
856 _uhttp://koha.tu.koszalin.pl/cgi-bin/koha/opac-detail.pl?biblionumber=6115
_yKatalog online BPK
942 _2UKD
_cKS
999 _c6115
_d6115